<?xml version="1.0" encoding="UTF-8"?>
<record
    xmlns:xsi="http://www.w3.org/2001/XMLSchema-instance"
    xsi:schemaLocation="http://www.loc.gov/MARC21/slim http://www.loc.gov/standards/marcxml/schema/MARC21slim.xsd"
    xmlns="http://www.loc.gov/MARC21/slim">

  <leader>01480na  a2200301   4500</leader>
  <controlfield tag="001">23450</controlfield>
  <controlfield tag="003">MIRAKIL</controlfield>
  <controlfield tag="005">20181213155131.0</controlfield>
  <controlfield tag="008">170929b        tu            000 0      </controlfield>
  <datafield tag="020" ind1=" " ind2=" ">
    <subfield code="a">9786053993636</subfield>
  </datafield>
  <datafield tag="040" ind1=" " ind2=" ">
    <subfield code="a">Milas</subfield>
    <subfield code="b">tur</subfield>
    <subfield code="c">TR-AnCHP</subfield>
  </datafield>
  <datafield tag="041" ind1=" " ind2=" ">
    <subfield code="a">tur</subfield>
  </datafield>
  <datafield tag="082" ind1=" " ind2=" ">
    <subfield code="a">304.663</subfield>
    <subfield code="b">Y56 2014</subfield>
  </datafield>
  <datafield tag="090" ind1=" " ind2=" ">
    <subfield code="a">304.663 Y56 2014</subfield>
  </datafield>
  <datafield tag="245" ind1=" " ind2=" ">
    <subfield code="a">20. y&#xFC;zy&#x131;lda soyk&#x131;r&#x131;m ve etnik temizlik</subfield>
    <subfield code="c">Derleyenler Cenap &#xC7;akmak, F. G&#xF6;zde &#xC7;olak, G&#xF6;khan G&#xFC;neysu</subfield>
  </datafield>
  <datafield tag="260" ind1=" " ind2=" ">
    <subfield code="a">&#x130;stanbul</subfield>
    <subfield code="b">&#x130;stanbul Bilgi &#xDC;niversitesi</subfield>
    <subfield code="c">2014</subfield>
    <subfield code="f">sena ofset</subfield>
  </datafield>
  <datafield tag="300" ind1=" " ind2=" ">
    <subfield code="a">360 s. </subfield>
    <subfield code="c">23 sm.</subfield>
  </datafield>
  <datafield tag="440" ind1=" " ind2=" ">
    <subfield code="a">&#x130;stanbul Bilgi &#xDC;niversitesi Yay&#x131;nlar&#x131;</subfield>
    <subfield code="v">488</subfield>
  </datafield>
  <datafield tag="490" ind1=" " ind2=" ">
    <subfield code="a">Siyaset Bilimi</subfield>
    <subfield code="v">52</subfield>
  </datafield>
  <datafield tag="504" ind1=" " ind2=" ">
    <subfield code="a">Kaynak&#xE7;a ve dizin var.</subfield>
  </datafield>
  <datafield tag="505" ind1=" " ind2=" ">
    <subfield code="a">Ruanda'da trajedi, adalet ve uzla&#x15F;ma; Bosna i&#xE7; sava&#x15F;&#x131; Avrupa'n&#x131;n kalbinde insani trajedi; B&#xFC;y&#xFC;k Afrika sava&#x15F;lar&#x131; : Kongo katliamlar&#x131;; Ad&#x131; konulmam&#x131;&#x15F; bir soyk&#x131;r&#x131;m: Liberya i&#xE7; sava&#x15F;&#x131;; Sierra Leone'de i&#xE7; sava&#x15F; ve uluslararas&#x131; adalet aray&#x131;&#x15F;&#x131;; Uganda: s&#xF6;m&#xFC;rge d&#xF6;nemi kaynakl&#x131; etnik katliam; Darfur: Deri renginin yaratt&#x131;&#x11F;&#x131; trajedi; Bir rejimin ayakta kalma m&#xFC;cadelesi: &#xC7;ad i&#xE7; sava&#x15F;&#x131;; Demokratikle&#x15F;me s&#xFC;recinde  toplumsal uzla&#x15F;ma ve adalet yakla&#x15F;&#x131;mlar&#x131;; Hakikat komisyonlar&#x131;: Teori ve uygulama</subfield>
  </datafield>
  <datafield tag="650" ind1=" " ind2=" ">
    <subfield code="a">Su&#xE7;lar, &#x130;nsanl&#x131;&#x11F;a kar&#x15F;&#x131;</subfield>
    <subfield code="x">Tarih</subfield>
    <subfield code="y">20. y&#xFC;zy&#x131;l</subfield>
  </datafield>
  <datafield tag="650" ind1=" " ind2=" ">
    <subfield code="a">Soyk&#x131;r&#x131;m</subfield>
    <subfield code="x">Tarih</subfield>
    <subfield code="y">20. y&#xFC;zy&#x131;l</subfield>
  </datafield>
  <datafield tag="700" ind1=" " ind2=" ">
    <subfield code="a">G&#xFC;neysu, G&#xF6;khan</subfield>
  </datafield>
  <datafield tag="700" ind1=" " ind2=" ">
    <subfield code="a">&#xC7;olak, F. G&#xF6;zde</subfield>
  </datafield>
  <datafield tag="700" ind1=" " ind2=" ">
    <subfield code="a">&#xC7;olak, Cenap</subfield>
  </datafield>
  <datafield tag="942" ind1=" " ind2=" ">
    <subfield code="2">dcc</subfield>
    <subfield code="c">BKS</subfield>
  </datafield>
  <datafield tag="952" ind1=" " ind2=" ">
    <subfield code="a">0001</subfield>
    <subfield code="b">0001</subfield>
    <subfield code="d">2017-09-29</subfield>
    <subfield code="e">2</subfield>
    <subfield code="l">0</subfield>
    <subfield code="o">304.663 Y56 2014</subfield>
    <subfield code="p">017433</subfield>
    <subfield code="r">2017-09-29 00:00:00</subfield>
    <subfield code="v">0.00</subfield>
    <subfield code="w">2017-09-29</subfield>
    <subfield code="y">BKS</subfield>
  </datafield>
  <datafield tag="999" ind1=" " ind2=" ">
    <subfield code="c">7199</subfield>
    <subfield code="d">7199</subfield>
  </datafield>
</record>
